|
|
|
|
| LEADER |
00000nam a22000005a 4500 |
| 001 |
7639 |
| 003 |
CL-ChBUA |
| 005 |
20120815103030.0 |
| 008 |
070301s1978 xxu 000 1dspa |
| 020 |
|
|
|a 0805763295
|
| 040 |
|
|
|a CL-ChBUA
|c CL-ChBUA
|
| 082 |
0 |
0 |
|a 891.43
|
| 090 |
|
|
|c 7639
|d 7639
|
| 100 |
1 |
|
|a Narain, Govind.
|
| 245 |
1 |
0 |
|a Munshi Prem Chand
|
| 260 |
|
|
|b Twayne.
|c c1978.
|
| 300 |
|
|
|a 178 p.
|c 21 cm.
|
| 504 |
|
|
|a Bibl., índice.
|
| 650 |
|
4 |
|a SRIVASTAVA DHANPAT RAI 1.880-1.936.
|
| 650 |
|
4 |
|a CRITICISMO - INTERPRETACION.
|
| 650 |
|
4 |
|a LITERATURA INDU.
|
| 942 |
|
|
|c LLIT
|
| 952 |
|
|
|0 0
|1 0
|4 0
|7 0
|9 11361
|a UNACH
|b UNACH
|c 800
|d 2007-03-05
|i 21.942.
|l 0
|o 891.43 / N 218.
|p 12360
|r 2013-06-26 00:00:00
|u 11361
|w 2012-08-08
|y LIB
|k 891.43 / N 218.
|
| 999 |
|
|
|c 7639
|d 7639
|